Statistics for American Presidents

Click here to take the quiz!

General Stats

  • This quiz has been taken 155 times
  • The average score is 32 of 44

Answer Stats

NumberPresident% Correct
1George Washington
98%
43Barack Obama
94%
44Donald Trump
94%
40George Bush
93%
42George W. Bush
93%
41Bill Clinton
91%
35John F. Kennedy
91%
16Abraham Lincoln
89%
32Franklin D. Roosevelt
88%
39Ronald Reagan
88%
26Theodore Roosevelt
88%
36Lyndon B. Johnson
86%
3Thomas Jefferson
85%
2John Adams
84%
6John Quincy Adams
84%
17Andrew Johnson
83%
31Herbert Hoover
82%
34Dwight Eisenhower
81%
37Gerald Ford
77%
4James Madison
75%
38Jimmy Carter
75%
28Woodrow Wilson
74%
7Andrew Jackson
73%
33Harry S. Truman
73%
5James Monroe
69%
27William Howard Taft
65%
18Ulysses S. Grant
64%
11James K. Polk
61%
8Martin Van Buren
61%
23Benjamin Harrison
60%
9William Henry Harrison
60%
30Calvin Coolidge
59%
12Zachary Taylor
59%
20James Garfield
58%
15James Buchanan
56%
25William McKinley
56%
10John Tyler
53%
14Franklin Pierce
50%
13Millard Fillmore
50%
19Rutherford B. Hayes
49%
22Grover Cleveland
48%
24Grover Cleveland
48%
29Warren G. Harding
48%
21Chester Arthur
42%

Score Distribution

Percentile by Number Answered

Percent of People with Each Score

Your Score History

You have not taken this quiz